| 000 | 00449nam a2200181Ia 4500 | ||
|---|---|---|---|
| 003 | OSt | ||
| 005 | 20260316124709.0 | ||
| 008 | 250729s1971 xx 000 0 und d | ||
| 040 | _cAL | ||
| 041 | _aeng | ||
| 082 | _a500 HONA | ||
| 100 |
_aElizabeth B Hone _9230156 |
||
| 245 | _aA source book for elementary science | ||
| 260 |
_aNewyork _bHarcourt Bracel jovanovich _c1971 |
||
| 300 | _a475p | ||
| 650 |
_aScience _9230157 |
||
| 942 |
_2ddc _cBED |
||
| 999 |
_c238641 _d238641 |
||